000 02251nam a2200517 i 4500
001 10470
003 KOSZ 005
005 20200513105944.0
008 200513s1968 pl f b 000 0 pol
015 _aUWD 1969/1441
035 _a991037037979705066
035 _a(PL-WaBN)b1993838x-48omnis_nlop
035 _ab1993838x
035 _a(OCoLC)69467856
035 _a(PL)b0000001993838
035 _a(EXLNZ-48OMNIS_NETWORK)9910029257305606
040 _aWA N
_cWA N
_dKOSZ 005/AR
046 _k1968
080 _a016
080 _a378
110 2 _aMiędzyuczelniany Zakład Badań nad Szkolnictwem Wyższym
_bOśrodek Dokumentacji i Biblioteka
245 1 0 _aBibliografia Międzyuczelnianego Zakładu Badań nad Szkolnictwem Wyższym :
_b1960-1967 /
_cTeresa Szymanowska ; Ministerstwo Oświaty i Szkolnictwa Wyższego. Międzyuczelniany Zakład Badań nad Szkolnictwem Wyższym. Ośrodek Dokumentacji i Biblioteka.
260 _aWarszawa :
_bPaństwowe Wydawnictwo Naukowe,
_c1968.
300 _a55 stron ;
_c23 cm.
336 _aTekst
_btxt
_2rdacontent
337 _aBez urządzenia pośredniczącego
_bn
_2rdamedia
338 _aWolumin
_bnc
_2rdacarrier
380 _aKsiążki
380 _aPublikacje informacyjne
388 _a1901-2000
388 _a1945-1989
490 1 _aBibliografie / Ministerstwo Oświaty i Szkolnictwa Wyższego. Międzyuczelniany Zakład Badań nad Szkolnictwem Wyższym. Ośrodek Dokumentacji i Biblioteka.
504 _aIndeks.
650 7 _aPoradnictwo zawodowe
_2DBN
650 7 _aSzkolnictwo wyższe
_2DBN
650 7 _aWychowanie
_2DBN
655 7 _aBibliografia
_2DBN
658 _aNauka i badania
700 1 _aSzymanowska, Teresa
_eOpracowanie
710 _aMinisterstwo Oświaty i Szkolnictwa Wyższego
710 _4pbl
_aPaństwowe Wydawnictwo Naukowe
830 0 _aBibliografie - Ministerstwo Oświaty i Szkolnictwa Wyższego. Międzyuczelniany Zakład Badań nad Szkolnictwem Wyższym. Ośrodek Dokumentacji i Biblioteka
856 _uhttp://koha.tu.koszalin.pl/cgi-bin/koha/opac-detail.pl?biblionumber=10470
_yKatalog online BPK
942 _2UKD
_cKS
999 _c10470
_d10470